[Event "Rapid Tournament (RAP)"]
[Site "Biel, CH"]
[Date "2025.07.13"]
[Round "4"]
[White "Rajendran, Ishaan"]
[Black "Rosen, Noah"]
[Result "1-0"]
[Board "46"]
[WhiteFideId "39910032"]
[BlackFideId "1356267"]
[WhiteElo "1725"]
[BlackElo "1849"]
[WhiteTeam "USA"]
[BlackTeam "SUI"]
[WhiteClock "0:04:54"]
[BlackClock "0:03:37"]
[Variant "Standard"]

1. d4 {[%clk 0:15:09]}  Nf6 {[%clk 0:13:42]} 2. Bf4 {[%clk 0:15:12]}  g6 {[%clk 0:13:45]} 3. Nc3 {[%clk 0:15:16]}  d5 {[%clk 0:13:47]} 4. Nf3 {[%clk 0:15:19]}  Bg7 {[%clk 0:13:51]} 5. Nb5 {[%clk 0:15:22]}  Na6 {[%clk 0:13:39]} 6. e3 {[%clk 0:15:26]}  c6 {[%clk 0:13:34]} 7. Nc3 {[%clk 0:15:28]}  Qa5 {[%clk 0:12:49]} 8. Bd3 {[%clk 0:15:07]}  Ne4 {[%clk 0:12:19]} 9. Bxe4 {[%clk 0:14:58]}  dxe4 {[%clk 0:12:22]} 10. Nd2 {[%clk 0:14:54]}  f5 {[%clk 0:12:23]} 11. O-O {[%clk 0:14:52]}  O-O {[%clk 0:11:52]} 12. Nc4 {[%clk 0:13:44]}  Qb4 {[%clk 0:11:33]} 13. Ne5 {[%clk 0:10:57]}  Qxb2 {[%clk 0:11:24]} 14. Qd2 {[%clk 0:10:29]}  Nb4 {[%clk 0:10:36]} 15. Rab1 {[%clk 0:09:52]}  Qxc2 {[%clk 0:10:38]} 16. Qxc2 {[%clk 0:09:54]}  Nxc2 {[%clk 0:10:42]} 17. Rfc1 {[%clk 0:09:57]}  Na3 {[%clk 0:10:42]} 18. Rb3 {[%clk 0:10:00]}  Nb5 {[%clk 0:09:57]} 19. Nxb5 {[%clk 0:10:02]}  cxb5 {[%clk 0:10:01]} 20. Rxb5 {[%clk 0:10:05]}  a6 {[%clk 0:09:51]} 21. Rb6 {[%clk 0:10:04]}  Rf6 {[%clk 0:09:50]} 22. Rb2 {[%clk 0:09:26]}  b5 {[%clk 0:09:43]} 23. Rc7 {[%clk 0:09:23]}  Kf8 {[%clk 0:08:22]} 24. Bg5 {[%clk 0:08:53]}  Re6 {[%clk 0:08:10]} 25. Rbc2 {[%clk 0:08:51]}  Bxe5 {[%clk 0:06:19]} 26. Rxc8+ {[%clk 0:08:52]}  Rxc8 {[%clk 0:06:23]} 27. Rxc8+ {[%clk 0:08:56]}  Kf7 {[%clk 0:06:27]} 28. dxe5 {[%clk 0:08:55]}  Rxe5 {[%clk 0:06:27]} 29. g3 {[%clk 0:08:29]}  Rd5 {[%clk 0:05:41]} 30. Ra8 {[%clk 0:08:20]}  Rd6 {[%clk 0:05:33]} 31. Ra7 {[%clk 0:08:20]}  Re6 {[%clk 0:05:31]} 32. Kg2 {[%clk 0:08:07]}  h5 {[%clk 0:05:14]} 33. h3 {[%clk 0:08:00]}  b4 {[%clk 0:04:54]} 34. Rb7 {[%clk 0:07:24]}  a5 {[%clk 0:04:57]} 35. Ra7 {[%clk 0:07:19]}  Re5 {[%clk 0:05:01]} 36. Bf4 {[%clk 0:07:23]}  Rd5 {[%clk 0:04:58]} 37. Bc7 {[%clk 0:07:16]}  b3 {[%clk 0:04:29]} 38. axb3 {[%clk 0:07:11]}  Rb5 {[%clk 0:04:33]} 39. Bxa5 {[%clk 0:06:45]}  Rxb3 {[%clk 0:04:34]} 40. Bd8 {[%clk 0:06:49]}  Kg7 {[%clk 0:04:11]} 41. Rxe7+ {[%clk 0:06:45]}  Kf8 {[%clk 0:04:11]} 42. Rc7 {[%clk 0:06:43]}  Rd3 {[%clk 0:04:09]} 43. Bg5 {[%clk 0:06:41]}  Kg8 {[%clk 0:04:10]} 44. Bh6 {[%clk 0:06:43]}  Kh8 {[%clk 0:04:06]} 45. Rg7 {[%clk 0:06:39]}  Rd6 {[%clk 0:04:07]} 46. Rc7 {[%clk 0:06:34]}  Re6 {[%clk 0:03:56]} 47. f3 {[%clk 0:06:20]}  exf3+ {[%clk 0:03:49]} 48. Kxf3 {[%clk 0:06:23]}  Re4 {[%clk 0:03:52]} 49. Rg7 {[%clk 0:05:55]}  Re6 {[%clk 0:03:56]} 50. Kf4 {[%clk 0:05:46]}  Re4+ {[%clk 0:03:50]} 51. Kg5 {[%clk 0:05:39]}  Rxe3 {[%clk 0:03:53]} 52. Kf6 {[%clk 0:04:56]}  Rxg3 {[%clk 0:03:39]} 53. Rxg6 {[%clk 0:04:47]}  Rxh3 {[%clk 0:03:33]} 54. Bg7+ {[%clk 0:04:47]}  Kh7 {[%clk 0:03:36]} 55. Rh6+ {[%clk 0:04:50]}  Kg8 {[%clk 0:03:37]} 56. Rh8# {[%clk 0:04:54]} 1-0

[Event "Rapid Tournament (RAP)"]
[Site "Biel, CH"]
[Date "2025.07.13"]
[Round "4"]
[White "Varela Tavares, Goncalo"]
[Black "Anetov, Aisultan"]
[Result "0-1"]
[Board "48"]
[WhiteFideId "1344773"]
[BlackFideId "13784943"]
[WhiteElo "1829"]
[BlackElo "1610"]
[WhiteTeam "SUI"]
[BlackTeam "KAZ"]
[WhiteClock "0:00:07"]
[BlackClock "0:02:23"]
[Variant "Standard"]

1. Nf3 {[%clk 0:15:07]}  d5 {[%clk 0:15:10]} 2. c4 {[%clk 0:15:05]}  e6 {[%clk 0:15:10]} 3. b3 {[%clk 0:15:14]}  c5 {[%clk 0:15:15]} 4. Bb2 {[%clk 0:15:17]}  Nf6 {[%clk 0:15:19]} 5. g3 {[%clk 0:15:16]}  Be7 {[%clk 0:15:19]} 6. Bg2 {[%clk 0:15:23]}  d4 {[%clk 0:15:28]} 7. e3 {[%clk 0:15:07]}  Nc6 {[%clk 0:15:32]} 8. exd4 {[%clk 0:15:05]}  cxd4 {[%clk 0:15:37]} 9. O-O {[%clk 0:15:01]}  O-O {[%clk 0:15:39]} 10. d3 {[%clk 0:15:03]}  Re8 {[%clk 0:15:26]} 11. Re1 {[%clk 0:15:05]}  Bf8 {[%clk 0:15:28]} 12. Nbd2 {[%clk 0:14:45]}  h6 {[%clk 0:15:12]} 13. Ne4 {[%clk 0:14:35]}  Nxe4 {[%clk 0:15:15]} 14. Rxe4 {[%clk 0:14:36]}  e5 {[%clk 0:15:18]} 15. a3 {[%clk 0:13:51]}  Bf5 {[%clk 0:15:02]} 16. Re1 {[%clk 0:13:50]}  a5 {[%clk 0:15:06]} 17. Qd2 {[%clk 0:13:24]}  Qb6 {[%clk 0:14:45]} 18. Qd1 {[%clk 0:10:37]}  Rad8 {[%clk 0:14:05]} 19. Nh4 {[%clk 0:10:20]}  Bh7 {[%clk 0:14:06]} 20. Bd5 {[%clk 0:09:30]}  Qc7 {[%clk 0:13:37]} 21. Qf3 {[%clk 0:08:59]}  Rd6 {[%clk 0:12:00]} 22. Be4 {[%clk 0:07:58]}  Rf6 {[%clk 0:11:39]} 23. Bxh7+ {[%clk 0:07:50]}  Kxh7 {[%clk 0:11:41]} 24. Qe4+ {[%clk 0:07:43]}  Kg8 {[%clk 0:11:44]} 25. Nf5 {[%clk 0:07:46]}  g6 {[%clk 0:11:39]} 26. Nxd4 {[%clk 0:07:39]}  Nxd4 {[%clk 0:11:20]} 27. Bxd4 {[%clk 0:07:42]}  Rfe6 {[%clk 0:11:22]} 28. Bc3 {[%clk 0:07:28]}  Qb6 {[%clk 0:11:14]} 29. b4 {[%clk 0:06:53]}  axb4 {[%clk 0:10:39]} 30. axb4 {[%clk 0:06:57]}  Bxb4 {[%clk 0:08:53]} 31. Rab1 {[%clk 0:06:51]}  Bxc3 {[%clk 0:08:56]} 32. Rxb6 {[%clk 0:06:53]}  Rxb6 {[%clk 0:09:00]} 33. Rc1 {[%clk 0:06:29]}  Bd4 {[%clk 0:09:00]} 34. Rc2 {[%clk 0:06:34]}  Rc6 {[%clk 0:08:50]} 35. Qd5 {[%clk 0:06:27]}  Ra8 {[%clk 0:07:13]} 36. Qd7 {[%clk 0:04:58]}  Ra1+ {[%clk 0:07:17]} 37. Kg2 {[%clk 0:05:02]}  Rb1 {[%clk 0:07:21]} 38. Ra2 {[%clk 0:04:51]}  Ra6 {[%clk 0:06:43]} 39. Rxa6 {[%clk 0:03:04]}  bxa6 {[%clk 0:06:43]} 40. Qc8+ {[%clk 0:03:06]}  Kg7 {[%clk 0:06:43]} 41. c5 {[%clk 0:02:48]}  Rc1 {[%clk 0:06:07]} 42. c6 {[%clk 0:02:51]}  a5 {[%clk 0:06:07]} 43. Qa8 {[%clk 0:01:25]}  Rc2 {[%clk 0:05:54]} 44. Kf3 {[%clk 0:01:24]}  Rc5 {[%clk 0:04:51]} 45. Ke2 {[%clk 0:00:54]}  Rc2+ {[%clk 0:04:35]} 46. Kd1 {[%clk 0:00:55]}  Rc5 {[%clk 0:04:38]} 47. f4 {[%clk 0:00:44]}  exf4 {[%clk 0:03:51]} 48. gxf4 {[%clk 0:00:48]}  Be3 {[%clk 0:03:28]} 49. f5 {[%clk 0:00:11]}  gxf5 {[%clk 0:03:12]} 50. Qb7 {[%clk 0:00:11]}  Bf4 {[%clk 0:03:08]} 51. d4 {[%clk 0:00:14]}  Rc4 {[%clk 0:02:29]} 52. Qb2 {[%clk 0:00:09]}  Rxc6 {[%clk 0:02:26]} 53. Qf2 {[%clk 0:00:07]}  Rc1+ {[%clk 0:02:23]} 0-1

[Event "Rapid Tournament (RAP)"]
[Site "Biel, CH"]
[Date "2025.07.13"]
[Round "4"]
[White "Fragniere, Thierry"]
[Black "Boner, Timm"]
[Result "1-0"]
[Board "49"]
[WhiteFideId "1306537"]
[BlackFideId "1330039"]
[WhiteElo "2110"]
[BlackElo "1732"]
[WhiteTeam "FRA"]
[BlackTeam "SUI"]
[WhiteClock "0:01:06"]
[BlackClock "0:12:32"]
[Variant "Standard"]

1. d4 {[%clk 0:06:25]}  d5 {[%clk 0:15:09]} 2. Nf3 {[%clk 0:06:28]}  Nc6 {[%clk 0:15:12]} 3. c4 {[%clk 0:06:21]}  Nf6 {[%clk 0:15:09]} 4. cxd5 {[%clk 0:06:06]}  Nxd5 {[%clk 0:15:11]} 5. e4 {[%clk 0:06:08]}  Nf6 {[%clk 0:14:46]} 6. Nc3 {[%clk 0:05:55]}  e6 {[%clk 0:14:49]} 7. Bg5 {[%clk 0:05:53]}  Be7 {[%clk 0:14:51]} 8. Bb5 {[%clk 0:05:51]}  O-O {[%clk 0:14:53]} 9. O-O {[%clk 0:05:53]}  h6 {[%clk 0:14:39]} 10. Bh4 {[%clk 0:05:56]}  g5 {[%clk 0:14:35]} 11. Bg3 {[%clk 0:05:59]}  Nh5 {[%clk 0:14:33]} 12. Bxc6 {[%clk 0:05:38]}  Nxg3 {[%clk 0:14:21]} 13. Bxb7 {[%clk 0:05:21]}  Bxb7 {[%clk 0:14:17]} 14. hxg3 {[%clk 0:05:17]}  a6 {[%clk 0:14:09]} 15. d5 {[%clk 0:04:55]}  g4 {[%clk 0:14:02]} 16. Ne5 {[%clk 0:04:35]}  h5 {[%clk 0:14:00]} 17. dxe6 {[%clk 0:03:01]}  Qxd1 {[%clk 0:14:01]} 18. exf7+ {[%clk 0:03:10]}  Kg7 {[%clk 0:14:02]} 19. Raxd1 {[%clk 0:03:09]}  Bf6 {[%clk 0:13:58]} 20. Nd7 {[%clk 0:03:05]}  Rxf7 {[%clk 0:13:49]} 21. Nxf6 {[%clk 0:03:02]}  Rxf6 {[%clk 0:13:48]} 22. Rd7+ {[%clk 0:03:02]}  Rf7 {[%clk 0:13:48]} 23. Rfd1 {[%clk 0:03:02]}  Raf8 {[%clk 0:13:39]} 24. f4 {[%clk 0:02:40]}  gxf3 {[%clk 0:13:41]} 25. gxf3 {[%clk 0:02:43]}  Bc6 {[%clk 0:13:44]} 26. Rxf7+ {[%clk 0:02:36]}  Rxf7 {[%clk 0:13:47]} 27. Kf2 {[%clk 0:02:19]}  a5 {[%clk 0:13:42]} 28. Ke3 {[%clk 0:02:33]}  a4 {[%clk 0:13:38]} 29. Nd5 {[%clk 0:02:27]}  Rd7 {[%clk 0:13:29]} 30. Rd4 {[%clk 0:02:15]}  Bb5 {[%clk 0:13:27]} 31. Nf4 {[%clk 0:01:47]}  Rxd4 {[%clk 0:13:14]} 32. Kxd4 {[%clk 0:02:12]}  Kh6 {[%clk 0:13:17]} 33. Kc5 {[%clk 0:02:06]}  c6 {[%clk 0:13:17]} 34. e5 {[%clk 0:02:01]}  Kg5 {[%clk 0:12:32]} 35. Ne6 {[%clk 0:01:06]} 1-0

[Event "Rapid Tournament (RAP)"]
[Site "Biel, CH"]
[Date "2025.07.13"]
[Round "4"]
[White "Berger, Vincent"]
[Black "Haag, Walter"]
[Result "1-0"]
[Board "50"]
[WhiteFideId "1317822"]
[BlackFideId "1332988"]
[WhiteElo "2002"]
[BlackElo "1722"]
[WhiteTeam "SUI"]
[BlackTeam "SUI"]
[WhiteClock "0:01:57"]
[BlackClock "0:04:59"]
[Variant "Standard"]

1. g4 {[%clk 0:05:32]}  e5 {[%clk 0:15:05]} 2. Bg2 {[%clk 0:05:32]}  Nc6 {[%clk 0:15:06]} 3. c4 {[%clk 0:05:35]}  Be7 {[%clk 0:15:01]} 4. Nc3 {[%clk 0:05:37]}  Nf6 {[%clk 0:14:54]} 5. h3 {[%clk 0:05:31]}  O-O {[%clk 0:14:54]} 6. e3 {[%clk 0:05:21]}  Rb8 {[%clk 0:14:48]} 7. Nge2 {[%clk 0:05:13]}  d6 {[%clk 0:14:42]} 8. O-O {[%clk 0:05:13]}  Be6 {[%clk 0:14:37]} 9. b3 {[%clk 0:05:15]}  a6 {[%clk 0:14:17]} 10. d4 {[%clk 0:05:16]}  exd4 {[%clk 0:14:11]} 11. exd4 {[%clk 0:05:16]}  Bd7 {[%clk 0:14:06]} 12. d5 {[%clk 0:05:09]}  Ne5 {[%clk 0:14:05]} 13. f4 {[%clk 0:05:00]}  Ng6 {[%clk 0:13:50]} 14. Ng3 {[%clk 0:04:10]}  h6 {[%clk 0:13:32]} 15. Bb2 {[%clk 0:04:04]}  Nh7 {[%clk 0:12:44]} 16. Qd2 {[%clk 0:03:58]}  Bf6 {[%clk 0:12:16]} 17. Nge4 {[%clk 0:03:54]}  Bxc3 {[%clk 0:12:15]} 18. Bxc3 {[%clk 0:03:36]}  Nh4 {[%clk 0:11:46]} 19. Bh1 {[%clk 0:03:36]}  Ng6 {[%clk 0:11:46]} 20. Rae1 {[%clk 0:03:37]}  Qh4 {[%clk 0:11:26]} 21. Bg2 {[%clk 0:03:32]}  Rbe8 {[%clk 0:11:02]} 22. Qd3 {[%clk 0:03:21]}  Qd8 {[%clk 0:10:29]} 23. Re2 {[%clk 0:03:20]}  f6 {[%clk 0:09:18]} 24. Ref2 {[%clk 0:03:22]}  Nh4 {[%clk 0:08:57]} 25. Bh1 {[%clk 0:03:17]}  Ng6 {[%clk 0:08:59]} 26. Ng3 {[%clk 0:03:16]}  Rf7 {[%clk 0:08:36]} 27. Qxg6 {[%clk 0:03:12]}  Nf8 {[%clk 0:08:25]} 28. Qd3 {[%clk 0:03:11]}  Rfe7 {[%clk 0:08:24]} 29. Bd2 {[%clk 0:03:01]}  Nh7 {[%clk 0:08:12]} 30. Bg2 {[%clk 0:03:01]}  Nf8 {[%clk 0:07:32]} 31. Nh5 {[%clk 0:03:02]}  Kh8 {[%clk 0:07:16]} 32. f5 {[%clk 0:03:04]}  Nh7 {[%clk 0:07:09]} 33. Nf4 {[%clk 0:03:03]}  Kg8 {[%clk 0:07:00]} 34. Ne6 {[%clk 0:03:01]}  Bxe6 {[%clk 0:06:45]} 35. fxe6 {[%clk 0:03:00]}  Ng5 {[%clk 0:06:28]} 36. h4 {[%clk 0:03:01]}  Nh7 {[%clk 0:06:24]} 37. Be4 {[%clk 0:03:00]}  Nf8 {[%clk 0:06:27]} 38. Bg6 {[%clk 0:02:54]}  Nxg6 {[%clk 0:06:26]} 39. Qxg6 {[%clk 0:02:57]}  Kh8 {[%clk 0:06:23]} 40. Rf5 {[%clk 0:02:33]}  Rg8 {[%clk 0:06:18]} 41. Rh5 {[%clk 0:02:22]}  Qe8 {[%clk 0:05:47]} 42. Qxe8 {[%clk 0:02:24]}  Rexe8 {[%clk 0:05:50]} 43. g5 {[%clk 0:02:15]}  Rgf8 {[%clk 0:05:33]} 44. gxf6 {[%clk 0:01:55]}  gxf6 {[%clk 0:05:18]} 45. Rxh6+ {[%clk 0:01:54]}  Kg7 {[%clk 0:05:08]} 46. Kh2 {[%clk 0:01:55]}  Re7 {[%clk 0:04:59]} 47. Rg1# {[%clk 0:01:57]} 1-0

[Event "Rapid Tournament (RAP)"]
[Site "Biel, CH"]
[Date "2025.07.13"]
[Round "4"]
[White "Gillieron, Kevin (13882)"]
[Black "Avaria, Diego"]
[Result "1/2-1/2"]
[Board "51"]
[WhiteFideId "1357778"]
[BlackFideId "1335723"]
[WhiteElo "1729"]
[BlackElo "1958"]
[WhiteTeam "SUI"]
[BlackTeam "SUI"]
[WhiteClock "0:00:32"]
[BlackClock "0:00:36"]
[Variant "Standard"]

1. d4 {[%clk 0:15:08]}  d6 {[%clk 0:15:05]} 2. e4 {[%clk 0:15:09]}  Nd7 {[%clk 0:15:07]} 3. Bd3 {[%clk 0:15:07]}  e5 {[%clk 0:15:09]} 4. Nf3 {[%clk 0:15:06]}  Ngf6 {[%clk 0:15:10]} 5. c3 {[%clk 0:15:06]}  Be7 {[%clk 0:15:11]} 6. O-O {[%clk 0:15:08]}  O-O {[%clk 0:15:12]} 7. Re1 {[%clk 0:14:59]}  c6 {[%clk 0:15:13]} 8. Nbd2 {[%clk 0:14:40]}  b5 {[%clk 0:15:04]} 9. Nf1 {[%clk 0:14:15]}  Re8 {[%clk 0:13:58]} 10. Ng3 {[%clk 0:14:13]}  g6 {[%clk 0:13:02]} 11. Bh6 {[%clk 0:13:45]}  Ng4 {[%clk 0:12:13]} 12. Bd2 {[%clk 0:13:25]}  Bb7 {[%clk 0:11:41]} 13. h3 {[%clk 0:13:28]}  Ngf6 {[%clk 0:11:45]} 14. Bh6 {[%clk 0:13:20]}  a6 {[%clk 0:10:31]} 15. Qb3 {[%clk 0:12:38]}  c5 {[%clk 0:09:49]} 16. Qc2 {[%clk 0:10:59]}  c4 {[%clk 0:09:42]} 17. Bf1 {[%clk 0:11:02]}  Bf8 {[%clk 0:08:52]} 18. Bxf8 {[%clk 0:11:03]}  Rxf8 {[%clk 0:08:49]} 19. a4 {[%clk 0:10:27]}  Qc7 {[%clk 0:07:40]} 20. h4 {[%clk 0:09:03]}  Bc6 {[%clk 0:06:34]} 21. h5 {[%clk 0:07:53]}  bxa4 {[%clk 0:06:08]} 22. hxg6 {[%clk 0:07:21]}  hxg6 {[%clk 0:05:57]} 23. Bxc4 {[%clk 0:07:21]}  Kg7 {[%clk 0:05:44]} 24. Ng5 {[%clk 0:06:19]}  Bxe4 {[%clk 0:05:11]} 25. N3xe4 {[%clk 0:05:57]}  Nxe4 {[%clk 0:04:11]} 26. Nxe4 {[%clk 0:04:42]}  Qxc4 {[%clk 0:04:13]} 27. Nxd6 {[%clk 0:04:42]}  Qe6 {[%clk 0:03:57]} 28. Nb7 {[%clk 0:03:46]}  Qd5 {[%clk 0:03:26]} 29. Qe4 {[%clk 0:03:05]}  Qxe4 {[%clk 0:03:19]} 30. Rxe4 {[%clk 0:03:08]}  Rab8 {[%clk 0:02:55]} 31. Nc5 {[%clk 0:02:33]}  Nxc5 {[%clk 0:02:57]} 32. dxc5 {[%clk 0:02:36]}  Rxb2 {[%clk 0:02:57]} 33. Raxa4 {[%clk 0:02:29]}  Rh8 {[%clk 0:02:49]} 34. Re1 {[%clk 0:01:58]}  Rc2 {[%clk 0:02:34]} 35. Ra3 {[%clk 0:01:31]}  f6 {[%clk 0:02:17]} 36. c6 {[%clk 0:01:22]}  Rc8 {[%clk 0:02:20]} 37. Rxa6 {[%clk 0:01:25]}  Rxc3 {[%clk 0:02:17]} 38. Ra7+ {[%clk 0:01:05]}  Kh6 {[%clk 0:02:26]} 39. g3 {[%clk 0:00:56]}  R8xc6 {[%clk 0:02:28]} 40. Kg2 {[%clk 0:00:57]}  Rc2 {[%clk 0:02:25]} 41. Rh1+ {[%clk 0:00:52]}  Kg5 {[%clk 0:02:27]} 42. Ra5 {[%clk 0:00:49]}  R6c5 {[%clk 0:02:19]} 43. Ra8 {[%clk 0:00:44]}  Rd2 {[%clk 0:02:06]} 44. Rah8 {[%clk 0:00:47]}  Rcc2 {[%clk 0:02:04]} 45. Rf1 {[%clk 0:00:45]}  e4 {[%clk 0:01:50]} 46. Re8 {[%clk 0:00:25]}  Re2 {[%clk 0:01:52]} 47. Kg1 {[%clk 0:00:19]}  e3 {[%clk 0:01:24]} 48. Rxe3 {[%clk 0:00:13]}  Rxe3 {[%clk 0:01:24]} 49. fxe3 {[%clk 0:00:16]}  f5 {[%clk 0:01:10]} 50. Rf2 {[%clk 0:00:19]}  Rxf2 {[%clk 0:01:00]} 51. Kxf2 {[%clk 0:00:22]}  Kg4 {[%clk 0:01:04]} 52. Kg2 {[%clk 0:00:23]}  g5 {[%clk 0:00:59]} 53. Kf2 {[%clk 0:00:24]}  Kh3 {[%clk 0:01:08]} 54. Kf3 {[%clk 0:00:26]}  Kh2 {[%clk 0:01:04]} 55. g4 {[%clk 0:00:28]}  Kh3 {[%clk 0:00:34]} 56. gxf5 {[%clk 0:00:21]}  g4+ {[%clk 0:00:33]} 57. Kf2 {[%clk 0:00:31]}  Kh2 {[%clk 0:00:34]} 58. f6 {[%clk 0:00:34]}  g3+ {[%clk 0:00:38]} 59. Ke2 {[%clk 0:00:21]}  g2 {[%clk 0:00:39]} 60. f7 {[%clk 0:00:25]}  g1=Q {[%clk 0:00:39]} 61. f8=Q {[%clk 0:00:28]}  Qg4+ {[%clk 0:00:37]} 62. Qf3 {[%clk 0:00:30]}  Qc4+ {[%clk 0:00:38]} 63. Kf2 {[%clk 0:00:32]}  Qc2+ {[%clk 0:00:36]} 1/2-1/2

[Event "Rapid Tournament (RAP)"]
[Site "Biel, CH"]
[Date "2025.07.13"]
[Round "4"]
[White "Jordan, Christina"]
[Black "Wuerth, Thomas"]
[Result "1/2-1/2"]
[Board "52"]
[WhiteFideId "1347977"]
[BlackFideId "1305379"]
[WhiteElo "1710"]
[BlackElo "1954"]
[WhiteTeam "SUI"]
[BlackTeam "SUI"]
[WhiteClock "0:03:29"]
[BlackClock "0:03:51"]
[Variant "Standard"]

1. e4 {[%clk 0:15:09]}  c5 {[%clk 0:15:08]} 2. Nf3 {[%clk 0:15:12]}  e6 {[%clk 0:15:10]} 3. d4 {[%clk 0:15:15]}  cxd4 {[%clk 0:15:14]} 4. Nxd4 {[%clk 0:15:19]}  a6 {[%clk 0:15:19]} 5. c4 {[%clk 0:15:21]}  Nf6 {[%clk 0:15:15]} 6. Nc3 {[%clk 0:15:24]}  Qc7 {[%clk 0:15:17]} 7. Be3 {[%clk 0:14:53]}  d6 {[%clk 0:15:15]} 8. Bd3 {[%clk 0:14:43]}  Be7 {[%clk 0:15:17]} 9. O-O {[%clk 0:14:45]}  O-O {[%clk 0:15:14]} 10. f4 {[%clk 0:14:39]}  Nbd7 {[%clk 0:15:16]} 11. Qf3 {[%clk 0:14:12]}  b6 {[%clk 0:14:47]} 12. Qg3 {[%clk 0:12:53]}  Re8 {[%clk 0:13:18]} 13. Rae1 {[%clk 0:12:19]}  Bb7 {[%clk 0:13:12]} 14. Nb3 {[%clk 0:11:51]}  Rac8 {[%clk 0:12:06]} 15. Bf2 {[%clk 0:10:43]}  e5 {[%clk 0:10:41]} 16. Nd5 {[%clk 0:10:03]}  Nxd5 {[%clk 0:09:49]} 17. exd5 {[%clk 0:09:15]}  Bf6 {[%clk 0:09:22]} 18. Qh3 {[%clk 0:08:51]}  g6 {[%clk 0:09:12]} 19. f5 {[%clk 0:08:24]}  e4 {[%clk 0:07:43]} 20. fxg6 {[%clk 0:08:13]}  fxg6 {[%clk 0:07:47]} 21. Bxe4 {[%clk 0:08:10]}  Ne5 {[%clk 0:06:40]} 22. Bd4 {[%clk 0:07:14]}  Bg7 {[%clk 0:06:30]} 23. Bxe5 {[%clk 0:06:12]}  Rxe5 {[%clk 0:06:08]} 24. Bd3 {[%clk 0:05:51]}  Rce8 {[%clk 0:06:10]} 25. Rxe5 {[%clk 0:05:43]}  Rxe5 {[%clk 0:06:06]} 26. Qf3 {[%clk 0:05:41]}  Qe7 {[%clk 0:06:04]} 27. Qf2 {[%clk 0:05:10]}  Re3 {[%clk 0:05:55]} 28. Rd1 {[%clk 0:04:55]}  Bc8 {[%clk 0:05:22]} 29. h3 {[%clk 0:04:50]}  Bd7 {[%clk 0:05:00]} 30. Kf1 {[%clk 0:04:08]}  Ba4 {[%clk 0:04:27]} 31. Re1 {[%clk 0:03:56]}  Rxe1+ {[%clk 0:03:56]} 32. Qxe1 {[%clk 0:04:00]}  Qxe1+ {[%clk 0:03:59]} 33. Kxe1 {[%clk 0:04:04]}  Bxb3 {[%clk 0:03:51]} 34. axb3 {[%clk 0:04:08]}  Bxb2 {[%clk 0:03:54]} 35. Ke2 {[%clk 0:04:09]}  Kf7 {[%clk 0:03:56]} 36. Kf3 {[%clk 0:04:08]}  Kf6 {[%clk 0:04:00]} 37. Ke4 {[%clk 0:03:29]}  a5 {[%clk 0:03:51]} 1/2-1/2

[Event "Rapid Tournament (RAP)"]
[Site "Biel, CH"]
[Date "2025.07.13"]
[Round "4"]
[White "Gunzinger, Severin"]
[Black "Jordan, Theodor"]
[Result "0-1"]
[Board "53"]
[WhiteFideId "1362518"]
[BlackFideId "1353152"]
[WhiteElo "1707"]
[BlackElo "1894"]
[WhiteTeam "SUI"]
[BlackTeam "SUI"]
[WhiteClock "0:00:14"]
[BlackClock "0:11:45"]
[Variant "Standard"]

1. e4 {[%clk 0:15:08]}  c6 {[%clk 0:15:10]} 2. Nf3 {[%clk 0:15:10]}  d5 {[%clk 0:15:14]} 3. Nc3 {[%clk 0:15:12]}  Bg4 {[%clk 0:15:18]} 4. h3 {[%clk 0:15:15]}  Bxf3 {[%clk 0:15:21]} 5. Qxf3 {[%clk 0:15:17]}  Nf6 {[%clk 0:15:25]} 6. d3 {[%clk 0:15:04]}  e6 {[%clk 0:15:27]} 7. Bg5 {[%clk 0:14:59]}  Be7 {[%clk 0:15:25]} 8. O-O-O {[%clk 0:14:51]}  Nbd7 {[%clk 0:15:29]} 9. g3 {[%clk 0:14:40]}  h6 {[%clk 0:15:29]} 10. Bxf6 {[%clk 0:14:32]}  Bxf6 {[%clk 0:15:32]} 11. d4 {[%clk 0:14:07]}  Qb6 {[%clk 0:15:20]} 12. e5 {[%clk 0:13:30]}  Bg5+ {[%clk 0:15:22]} 13. Kb1 {[%clk 0:13:32]}  a5 {[%clk 0:15:17]} 14. Na4 {[%clk 0:12:27]}  Qc7 {[%clk 0:15:21]} 15. h4 {[%clk 0:11:25]}  Be7 {[%clk 0:15:23]} 16. b3 {[%clk 0:10:45]}  b5 {[%clk 0:15:22]} 17. Nc3 {[%clk 0:10:04]}  a4 {[%clk 0:15:19]} 18. Be2 {[%clk 0:09:16]}  Qa5 {[%clk 0:14:49]} 19. Qd3 {[%clk 0:08:17]}  Bb4 {[%clk 0:14:39]} 20. Nxb5 {[%clk 0:06:51]}  cxb5 {[%clk 0:14:37]} 21. Qxb5 {[%clk 0:06:43]}  axb3 {[%clk 0:14:33]} 22. Qxa5 {[%clk 0:06:23]}  bxc2+ {[%clk 0:14:31]} 23. Kxc2 {[%clk 0:06:23]}  Bxa5 {[%clk 0:14:35]} 24. Bb5 {[%clk 0:06:07]}  Ke7 {[%clk 0:14:35]} 25. a4 {[%clk 0:05:43]}  Rhc8+ {[%clk 0:14:37]} 26. Kb2 {[%clk 0:05:31]}  Nb6 {[%clk 0:14:41]} 27. Rc1 {[%clk 0:05:05]}  Nc4+ {[%clk 0:14:42]} 28. Kb3 {[%clk 0:05:01]}  Rab8 {[%clk 0:14:37]} 29. Rhd1 {[%clk 0:04:19]}  Rc7 {[%clk 0:14:37]} 30. f4 {[%clk 0:03:54]}  Rbc8 {[%clk 0:14:21]} 31. Rc2 {[%clk 0:03:06]}  Ne3 {[%clk 0:14:20]} 32. Rxc7+ {[%clk 0:03:08]}  Rxc7 {[%clk 0:14:23]} 33. Rd3 {[%clk 0:03:01]}  Nc4 {[%clk 0:14:19]} 34. h5 {[%clk 0:02:20]}  Nb6 {[%clk 0:14:19]} 35. g4 {[%clk 0:02:01]}  Rc1 {[%clk 0:14:14]} 36. Rg3 {[%clk 0:00:37]}  Rh1 {[%clk 0:13:42]} 37. Bd3 {[%clk 0:00:15]}  Nd7 {[%clk 0:12:57]} 38. f5 {[%clk 0:00:12]}  Bb6 {[%clk 0:12:45]} 39. Kc3 {[%clk 0:00:15]}  Ra1 {[%clk 0:12:35]} 40. Bc2 {[%clk 0:00:17]}  Ra3+ {[%clk 0:12:34]} 41. Bb3 {[%clk 0:00:16]}  Ra1 {[%clk 0:12:30]} 42. Bc2 {[%clk 0:00:19]}  Rf1 {[%clk 0:12:24]} 43. Kb4 {[%clk 0:00:20]}  Bxd4 {[%clk 0:12:23]} 44. fxe6 {[%clk 0:00:10]}  fxe6 {[%clk 0:12:26]} 45. Kb5 {[%clk 0:00:12]}  Ra1 {[%clk 0:12:12]} 46. g5 {[%clk 0:00:13]}  hxg5 {[%clk 0:12:12]} 47. Rxg5 {[%clk 0:00:16]}  Bxe5 {[%clk 0:12:16]} 48. a5 {[%clk 0:00:15]}  Kd6 {[%clk 0:12:16]} 49. Ba4 {[%clk 0:00:14]}  Nc5 {[%clk 0:11:45]} 0-1